[Event "Yanofsky Memorial op"]
[Site "Winnipeg"]
[Date "2009.09.06"]
[Round "4"]
[White "Green, Jim"]
[Black "Villar, Alfonso"]
[Result "1-0"]
[WhiteElo "1774"]
[BlackElo "1622"]
[PlyCount "35"]
[EventDate "2009.09.04"]
[EventType "swiss"]
[EventRounds "5"]
[EventCountry "CAN"]
[SourceTitle "EXT 2011"]
[Source "ChessBase"]
[SourceDate "2010.11.26"]
[SourceVersion "1"]
[SourceVersionDate "2010.11.26"]
[SourceQuality "1"]

1. e4 c5 2. Nf3 d6 3. Bb5+ Bd7 4. Bxd7+ Nxd7 5. 0-0 g6 6. c3 Bg7 7. d4 cxd4 8. cxd4 Qb6 9. Nc3 Ngf6 10. Qe2 e5 11. dxe5 Nxe5 12. Nxe5 dxe5 13. Bg5 0-0 14. Bxf6 Bxf6 15. Nd5 Qd6 16. Rac1 Rfc8 17. Rfd1 Rc5 18. Rxc5 1-0